Shakespearean tragedy : (Rekord nr 39134)
| 000 -ETYKIETA REKORDU | |
|---|---|
| podpole kontrolne o stałej długości | 00831nam a2200265 i 4500 |
| 001 - NUMER KONTROLNY REKORDU | |
| pole kontrolne | bg |
| 020 ## - MIĘDZYNARODOWY ZNORMALIZOWANY NUMER KSIĄŻKI - ISBN | |
| ISBN | 0140530193 |
| 040 ## - ŹRÓDŁO KATALOGOWANIA | |
| Instytucja, która utworzyła rekord | BPK |
| 041 0# - KOD JĘZYKA | |
| Kod języka tekstu | en |
| 080 ## - UNIWERSALNA KLASYFIKACJA DZIESIĘTNA - UKD | |
| UKD | 821.111(091)-2"15/16"A/Z |
| 920 ## - Międzynarodowy znormalizowany numer książki – ISBN | |
| ISBN | 0-14-053019-3 |
| 008 - POLE O STAŁEJ DŁUGOŚCI - DANE KONTROLNE | |
| podpole kontrolne o stałej długości | s pl f |000 0 pol |
| 100 1# - NAZWA OSOBOWA | |
| Nazwa osobowa | BRADLEY, A. C. |
| 245 10 - TYTUŁ/ODPOWIEDZIALNOŚĆ | |
| Tytuł | Shakespearean tragedy : |
| Ciąg dalszy tytułu | lectures on Hamlet, Othello, King Lear, Macbeth / |
| Pozostałe elementy strefy tytułu i oznaczenia odpowiedzialności | A. ; with a foreword by John Bayley |
| Oznaczenie części/sekcji dzieła | C. Bradley. |
| 260 ## - STREFA ADRESU WYDAWNICZEGO | |
| Miejsce wydania | London : |
| Nazwa wydawcy/dystrybutora | Penguin Books, |
| Data publikacji, dystrybucji/powstania dokumentu | 1991. |
| 300 ## - STREFA OPISU FIZYCZNEGO | |
| Objętość | [6], 474 p. ; |
| Rozmiary | 21 cm. |
| 504 ## - UWAGA DOTYCZĄCA BIBLIOGRAFII | |
| Informacje o bibliografii | Indeks. |
| 600 19 - HASŁO PRZEDMIOTOWE W FORMIE NAZWY OSOBOWEJ | |
| Nazwa osobowa | Shakespeare, William (1564-1616) |
| Określnik ogólny | twórczość |
| 650 #9 - HASŁO PRZEDMIOTOWE W FORMIE NAZWY OGÓLNEJ LUB JEDNOSTKOWEJ | |
| Nazwa ogólna lub geograficzna | Dramat angielski |
| Określnik ogólny | historia |
| Określnik chronologiczny | 16-17 w. |
| 655 ## - TERMIN INDEKSOWY - OKREŚLENIE RODZAJU/FORMY DOKUMENTU | |
| Określenie rodzaju/formy dokumentu | Szkice literackie |
| 655 ## - TERMIN INDEKSOWY - OKREŚLENIE RODZAJU/FORMY DOKUMENTU | |
| Określenie rodzaju/formy dokumentu | szkice |
| 700 1# - HASŁO DODATKOWE - NAZWA OSOBOWA | |
| Nazwa osobowa | BAYLEY, John. |
| Określenie związku między hasłem a opisywanym materiałem | wstęp |
| 856 ## - LOKALIZACJA I DOSTĘP DO ELEKTRONICZNYCH DOKUMENTÓW ZDALNYCH | |
| Link (URL) | http://koha.tu.koszalin.pl/cgi-bin/koha/opac-detail.pl?biblionumber=39134 |
| Tekst linku | Katalog online BPK |
| 942 ## - DODATKOWE ELEMENTY (KOHA) | |
| Typ dokumentu | Książka |
| Wycofany | Status egzemplarza | Uszkodzony | Dostępność | Lokalizacja stała | Lokalizacja bieżąca | Miejsce przechowywania | Sygnatura | Kod kreskowy | Dział | Typ dokumentu |
|---|---|---|---|---|---|---|---|---|---|---|
| Tylko na miejscu | Biblioteka Politechniki Koszalińskiej | Biblioteka Politechniki Koszalińskiej | Czytelnia Wydziałowa ul. Kwiatkowskiego 6e | 58019 | 01543766 | 821.111 Literatura angielska | Książka |
